[Event "Omsk-ch"]
[Site "Omsk"]
[Date "2015.02.19"]
[Round "4"]
[White "Tastanov, Azamat"]
[Black "Karabut, Vladimir"]
[Result "1-0"]
[WhiteElo "1765"]
[BlackElo "1973"]
[PlyCount "45"]
[EventDate "2015.02.16"]
[EventType "swiss"]
[EventRounds "9"]
[EventCountry "RUS"]
[SourceTitle "CBM 165 Extra"]
[Source "ChessBase"]
[SourceDate "2015.04.21"]
[SourceVersion "1"]
[SourceVersionDate "2015.04.21"]
[SourceQuality "1"]

1. e4 c6 2. d4 d5 3. e5 Bf5 4. Bd3 Bxd3 5. Qxd3 e6 6. f4 h5 7. f5 Qh4+ 8. g3 Qg4 9. fxe6 Qxe6 10. Ne2 h4 11. g4 Qxg4 12. Rg1 Qe4 13. Qxe4 dxe4 14. Nd2 f5 15. Nf4 Ne7 16. Nc4 Nd5 17. Ng6 Rh5 18. Bg5 Nd7 19. Nxf8 Kxf8 20. Nd6 g6 21. c4 Nb4 22. Ke2 Rd8 23. Bxd8 1-0

[Event "Wch Seniors 23rd"]
[Site "Opatija"]
[Date "2013.11.22"]
[Round "10"]
[White "Karabut, Vladimir"]
[Black "Bauza Mercere, Eduardo"]
[Result "1/2-1/2"]
[WhiteElo "2044"]
[BlackElo "1811"]
[PlyCount "58"]
[EventDate "2013.11.12"]
[EventType "swiss"]
[EventRounds "11"]
[EventCountry "CRO"]
[SourceTitle "CBM 157 Extra"]
[Source "ChessBase"]
[SourceDate "2013.12.19"]
[SourceVersion "1"]
[SourceVersionDate "2013.12.19"]
[SourceQuality "1"]

1. d4 Nf6 2. f4 d5 3. Nf3 g6 4. e3 Bg7 5. Be2 0-0 6. 0-0 b6 7. Ne5 c5 8. c3 Ba6 9. Bxa6 Nxa6 10. Nd2 Qc7 11. Qa4 Nb8 12. Ndf3 Ne4 13. Qb3 c4 14. Qb5 e6 15. Nd2 a6 16. Qa4 Nd6 17. Qc2 f6 18. Ng4 Nd7 19. Nf3 Ne4 20. Bd2 b5 21. a3 a5 22. Nf2 f5 23. Nxe4 fxe4 24. Ne5 Nxe5 25. fxe5 Qe7 26. a4 Qd7 27. Rxf8+ Rxf8 28. axb5 Qxb5 29. Bc1 Ra8 1/2-1/2

[Event "Omsk-ch"]
[Site "Omsk"]
[Date "2013.02.10"]
[Round "2"]
[White "Karabut, Vladimir"]
[Black "Skokov, Boris"]
[Result "0-1"]
[WhiteElo "2065"]
[BlackElo "2010"]
[PlyCount "80"]
[EventDate "2013.02.09"]
[EventType "swiss"]
[EventRounds "9"]
[EventCountry "RUS"]
[SourceTitle "CBM 153 Extra"]
[Source "ChessBase"]
[SourceDate "2013.04.22"]
[SourceVersion "1"]
[SourceVersionDate "2013.04.22"]
[SourceQuality "1"]

1. d4 Nf6 2. c4 e6 3. Nf3 b6 4. a3 d5 5. Bg5 Be7 6. e3 0-0 7. Nc3 Bb7 8. Be2 Nbd7 9. 0-0 Rc8 10. Qa4 dxc4 11. Qxa7 Bc6 12. Qa6 Bd5 13. Qa4 c5 14. Rfd1 cxd4 15. exd4 Qc7 16. Qc2 Rfe8 17. Bh4 Qb7 18. Nxd5 exd5 19. Ne5 Nxe5 20. dxe5 Ne4 21. Bxe7 Rxe7 22. f4 Nc5 23. Bf3 Nd3 24. Rxd3 cxd3 25. Qxd3 Qc6 26. Qxd5 Qxd5 27. Bxd5 g5 28. g3 Rc5 29. Bg2 gxf4 30. gxf4 Rec7 31. b4 Rc1+ 32. Rxc1 Rxc1+ 33. Kf2 Ra1 34. f5 Rxa3 35. Bc6 Kg7 36. h4 Kf8 37. f6 Rh3 38. Kg2 Rxh4 39. Kg3 Rxb4 40. Kh3 h5 0-1

[Event "Omsk-ch"]
[Site "Omsk"]
[Date "2013.02.09"]
[Round "1"]
[White "Chagasov, Oleg"]
[Black "Karabut, Vladimir"]
[Result "1/2-1/2"]
[WhiteElo "1846"]
[BlackElo "2065"]
[PlyCount "50"]
[EventDate "2013.02.09"]
[EventType "swiss"]
[EventRounds "9"]
[EventCountry "RUS"]
[SourceTitle "CBM 153 Extra"]
[Source "ChessBase"]
[SourceDate "2013.04.22"]
[SourceVersion "1"]
[SourceVersionDate "2013.04.22"]
[SourceQuality "1"]

1. d4 Nf6 2. Bg5 c5 3. Bxf6 gxf6 4. d5 Qb6 5. Qc1 f5 6. c4 Bg7 7. Nc3 e5 8. dxe6 dxe6 9. Nf3 Bd7 10. e3 Bc6 11. Be2 Nd7 12. 0-0 0-0 13. Qc2 Qc7 14. Rfd1 Nf6 15. Nb5 Qb8 16. Ne1 a6 17. Nc3 Qc7 18. Bf3 Bxf3 19. Nxf3 Rfd8 20. Rxd8+ Rxd8 21. Rd1 Rxd1+ 22. Qxd1 Qd7 23. Ne5 Qxd1+ 24. Nxd1 b5 25. cxb5 axb5 1/2-1/2

[Event "Omsk CC-ch final"]
[Site "Omsk"]
[Date "2011.09.08"]
[Round "10"]
[White "Karabut, Vladimir"]
[Black "Zenzera, Alexey"]
[Result "0-1"]
[WhiteElo "2075"]
[BlackElo "2236"]
[PlyCount "52"]
[EventDate "2011.08.20"]
[EventType "swiss"]
[EventRounds "11"]
[EventCountry "RUS"]
[SourceTitle "EXT 2023"]
[Source "ChessBase"]
[SourceDate "2022.10.05"]
[SourceVersion "1"]
[SourceVersionDate "2022.10.05"]
[SourceQuality "1"]

1. d4 Nf6 2. c4 g6 3. Nc3 d5 4. Qb3 dxc4 5. Qxc4 Bg7 6. Nf3 0-0 7. e4 Na6 8. Be2 c5 9. dxc5 Be6 10. Qb5 Rc8 11. c6 Rxc6 12. Be3 Rxc3 13. bxc3 Nxe4 14. Bd4 Nxc3 15. Qd3 Nxe2 16. Kxe2 b5 17. Qxb5 Bxd4 18. Rhd1 Qb6 19. Nxd4 Qxb5+ 20. Nxb5 Bc4+ 21. Ke3 Bxb5 22. Rd5 Nb4 23. Rxb5 Nc2+ 24. Kd2 Nxa1 25. Rc5 Rb8 26. Rc1 Rb2+ 0-1

[Event "Omsk CC-ch final"]
[Site "Omsk"]
[Date "2011.09.05"]
[Round "9"]
[White "Karabut, Vladimir"]
[Black "Abdulmanov, Marat"]
[Result "1-0"]
[WhiteElo "2075"]
[BlackElo "2027"]
[PlyCount "65"]
[EventDate "2011.08.20"]
[EventType "swiss"]
[EventRounds "11"]
[EventCountry "RUS"]
[SourceTitle "EXT 2023"]
[Source "ChessBase"]
[SourceDate "2022.10.05"]
[SourceVersion "1"]
[SourceVersionDate "2022.10.05"]
[SourceQuality "1"]

1. d4 d5 2. Nf3 Nf6 3. c4 g6 4. cxd5 Nxd5 5. e4 Nf6 6. Nc3 Bg7 7. Bc4 e6 8. 0-0 h6 9. h3 0-0 10. Be3 c6 11. a4 Nbd7 12. a5 Kh7 13. Qe2 Qe7 14. Rfd1 b5 15. axb6 Nxb6 16. Bb3 Bb7 17. Qc2 Rfd8 18. Ra5 Nbd7 19. Rda1 a6 20. Bc4 Nb8 21. Na4 Nfd7 22. Qb3 Bc8 23. d5 exd5 24. exd5 Qd6 25. dxc6 Nxc6 26. Rd5 Qc7 27. Rc1 Rb8 28. Qa3 Qb7 29. Bf4 Bxb2 30. Nxb2 Qxb2 31. Qe3 Nb4 32. Rdd1 Ra8 33. Bxh6 1-0

[Event "Omsk CC-ch final"]
[Site "Omsk"]
[Date "2011.08.21"]
[Round "2"]
[White "Karabut, Vladimir"]
[Black "Mikhailovsky, Viktor"]
[Result "1/2-1/2"]
[WhiteElo "2075"]
[BlackElo "1977"]
[PlyCount "28"]
[EventDate "2011.08.20"]
[EventType "swiss"]
[EventRounds "11"]
[EventCountry "RUS"]
[SourceTitle "EXT 2023"]
[Source "ChessBase"]
[SourceDate "2022.10.05"]
[SourceVersion "1"]
[SourceVersionDate "2022.10.05"]
[SourceQuality "1"]

1. d4 Nf6 2. c4 e6 3. Nf3 b6 4. a3 Bb7 5. Nc3 d5 6. Bg5 Be7 7. e3 Nbd7 8. cxd5 Nxd5 9. Bxe7 Qxe7 10. Bd3 0-0 11. Nxd5 Bxd5 12. 0-0 Bxf3 13. Qxf3 c5 14. Qb7 Rfd8 1/2-1/2

[Event "Omsk-ch"]
[Site "Omsk"]
[Date "2010.02.23"]
[Round "3"]
[White "Karabut, Vladimir"]
[Black "Petrenko, Andrey"]
[Result "1-0"]
[WhiteElo "2089"]
[BlackElo "1825"]
[PlyCount "45"]
[EventDate "2010.02.20"]
[EventType "swiss"]
[EventRounds "11"]
[EventCountry "RUS"]
[SourceTitle "CBM 135 Extra"]
[Source "ChessBase"]
[SourceDate "2010.05.04"]
[SourceVersion "1"]
[SourceVersionDate "2010.05.04"]
[SourceQuality "1"]

1. d4 Nf6 2. c4 c5 3. d5 e6 4. Nc3 exd5 5. cxd5 d6 6. e4 g6 7. f4 Bg7 8. Bb5+ Bd7 9. e5 Qe7 10. Qe2 dxe5 11. fxe5 Nh5 12. Nf3 0-0 13. d6 Qe6 14. 0-0 Bxb5 15. Nxb5 Na6 16. Qe4 Qd7 17. g4 Ng3 18. hxg3 Qxb5 19. Bg5 Rfe8 20. Be7 Nb4 21. Ng5 Nc6 22. Rxf7 h6 23. Qxg6 1-0

[Event "Berdsk Maestro op 15th"]
[Site "Berdsk"]
[Date "2009.07.11"]
[Round "4"]
[White "Ruzanov, Alexander"]
[Black "Karabut, Vladimir"]
[Result "1-0"]
[WhiteElo "2031"]
[BlackElo "2159"]
[PlyCount "63"]
[EventDate "2009.07.08"]
[EventType "swiss"]
[EventRounds "9"]
[EventCountry "RUS"]
[SourceTitle "EXT 2022"]
[Source "ChessBase"]
[SourceDate "2021.10.06"]
[SourceVersion "1"]
[SourceVersionDate "2021.10.06"]
[SourceQuality "1"]

1. e4 c6 2. d4 d5 3. e5 Bf5 4. Nc3 e6 5. g4 Bg6 6. Nge2 c5 7. Be3 Nc6 8. Nf4 cxd4 9. Nxg6 hxg6 10. Bxd4 a6 11. Qd2 Nxd4 12. Qxd4 Ne7 13. f4 Nc6 14. Qf2 Bb4 15. Bd3 Qa5 16. Kf1 Bxc3 17. bxc3 Qxc3 18. Kg2 Nb4 19. Qe3 Rc8 20. Rac1 Nxa2 21. Rb1 Nb4 22. Rb3 Nxd3 23. Rxc3 Rxc3 24. cxd3 Rc2+ 25. Kg3 0-0 26. Rc1 Rfc8 27. Rxc2 Rxc2 28. Qb6 Rc3 29. Qxb7 Rxd3+ 30. Kh4 Rd4 31. Kg5 Kf8 32. Qc8+ 1-0

[Event "Berdsk Maestro op 15th"]
[Site "Berdsk"]
[Date "2009.07.10"]
[Round "3"]
[White "Karabut, Vladimir"]
[Black "Piass, Inga"]
[Result "1/2-1/2"]
[WhiteElo "2159"]
[BlackElo "2020"]
[PlyCount "65"]
[EventDate "2009.07.08"]
[EventType "swiss"]
[EventRounds "9"]
[EventCountry "RUS"]
[SourceTitle "EXT 2022"]
[Source "ChessBase"]
[SourceDate "2021.10.06"]
[SourceVersion "1"]
[SourceVersionDate "2021.10.06"]
[SourceQuality "1"]

1. d4 d5 2. Nf3 Nf6 3. c4 dxc4 4. e3 a6 5. a4 Bg4 6. Bxc4 e6 7. Qb3 Nc6 8. Be2 Nb4 9. 0-0 Be7 10. Bd2 a5 11. Na3 0-0 12. Nc4 Ne4 13. Rfd1 Nxd2 14. Rxd2 Nd5 15. Nce5 Bxf3 16. Bxf3 Bb4 17. Rc2 Rb8 18. Rac1 c6 19. g3 Qe7 20. Nd3 g6 21. Nc5 Rfd8 22. h4 h5 23. Nd3 Kg7 24. Bxd5 exd5 25. Nxb4 Qxb4 26. Qxb4 axb4 27. b3 Kf6 28. Kf1 Ra8 29. Ke2 Ke6 30. Kd3 Kd6 31. f3 f5 32. Re2 Rf8 33. Rg1 1/2-1/2

[Event "Omsk-ch op"]
[Site "Omsk"]
[Date "2009.02.15"]
[Round "3"]
[White "Dobrovolsky, Gennady"]
[Black "Karabut, Vladimir"]
[Result "1/2-1/2"]
[WhiteElo "2073"]
[BlackElo "2178"]
[PlyCount "38"]
[EventDate "2009.02.12"]
[EventType "swiss"]
[EventRounds "11"]
[EventCountry "RUS"]
[SourceTitle "CBM 129 Extra"]
[Source "ChessBase"]
[SourceDate "2009.05.05"]
[SourceVersion "2"]
[SourceVersionDate "2009.05.20"]
[SourceQuality "1"]

1. e4 c5 2. c3 d5 3. exd5 Qxd5 4. d4 Nc6 5. Nf3 Bg4 6. Be2 e6 7. 0-0 Nf6 8. Be3 cxd4 9. cxd4 Be7 10. Nc3 Qa5 11. Qb3 Qb4 12. Qxb4 Bxb4 13. a3 Be7 14. h3 Bh5 15. g4 Bg6 16. Bb5 0-0 17. Ne5 Rfc8 18. b4 a5 19. Na4 Nd5 1/2-1/2

[Event "Omsk-ch op"]
[Site "Omsk"]
[Date "2009.02.14"]
[Round "2"]
[White "Karabut, Vladimir"]
[Black "Volkov, Alexander2222"]
[Result "1/2-1/2"]
[WhiteElo "2178"]
[BlackElo "2095"]
[PlyCount "59"]
[EventDate "2009.02.12"]
[EventType "swiss"]
[EventRounds "11"]
[EventCountry "RUS"]
[SourceTitle "CBM 129 Extra"]
[Source "ChessBase"]
[SourceDate "2009.05.05"]
[SourceVersion "2"]
[SourceVersionDate "2009.05.20"]
[SourceQuality "1"]

1. d4 Nf6 2. c4 e6 3. Nf3 Bb4+ 4. Bd2 a5 5. g3 b6 6. Bg2 Bb7 7. 0-0 Bxd2 8. Qxd2 0-0 9. Nc3 Ne4 10. Nxe4 Bxe4 11. Nh4 Bxg2 12. Nxg2 d5 13. Rac1 Na6 14. Rfd1 Qd6 15. Ne3 c6 16. cxd5 cxd5 17. a3 Rfc8 18. Rc3 Rxc3 19. Qxc3 Ra7 20. Qc8+ Qf8 21. Rc1 h5 22. h4 g6 23. Nd1 Kg7 24. Qxf8+ Kxf8 25. Rc8+ Ke7 26. Nc3 Kd7 27. Rf8 Kc6 28. a4 Rd7 29. Nb5 Nc7 30. Rc8 1/2-1/2

[Event "Omsk RT op"]
[Site "Omsk"]
[Date "2009.??.??"]
[Round "2"]
[White "Karabut, Vladimir"]
[Black "Potseluev, Sergey"]
[Result "0-1"]
[WhiteElo "2178"]
[BlackElo "1996"]
[PlyCount "75"]
[EventDate "2009.??.??"]
[EventType "swiss"]
[EventRounds "9"]
[EventCountry "RUS"]
[SourceTitle "EXT 2011"]
[Source "ChessBase"]
[SourceDate "2010.11.26"]
[SourceVersion "1"]
[SourceVersionDate "2010.11.26"]
[SourceQuality "1"]

1. d4 Nf6 2. c4 g6 3. Nc3 d5 4. Bg5 Ne4 5. Bh4 Nxc3 6. bxc3 Bg7 7. e3 c5 8. Nf3 Nc6 9. Qb3 cxd4 10. exd4 0-0 11. cxd5 Na5 12. Qa3 Qxd5 13. Be2 Re8 14. 0-0 b6 15. Bg3 Bb7 16. Rfd1 Rac8 17. Rab1 Bc6 18. Bf1 Nc4 19. Qb3 Bb7 20. Qa4 Qa5 21. Rb4 Qxa4 22. Rxa4 Nb2 23. Rxa7 Bxf3 24. Rb1 Be4 25. Rxb2 Rxc3 26. Be5 Rc1 27. Rc7 Ra1 28. Rd2 Bh6 29. d5 Rxf1+ 30. Kxf1 Bxd2 31. Ke2 Ba5 32. Rd7 Bxg2 33. Ke3 Bb4 34. Kd3 Bc5 35. f4 Ra8 36. Kc4 Bf1+ 37. Kb3 f6 38. Bc3 0-1